| 000 | 00390nam a2200133Ia 4500 | ||
|---|---|---|---|
| 008 | 230917s9999||||xx |||||||||||||| ||und|| | ||
| 040 |
_e92720 _aMAIN |
||
| 041 | _aEnglish | ||
| 082 | _a617 G552E | ||
| 100 | _aGoel, Kanwar Singh | ||
| 245 | 0 | _aEvaluation of role of antibiotic in the management of breast abscesses treated by curettage and primary closure | |
| 300 | _a95 p. | ||
| 942 | _cTH | ||
| 999 |
_c73941 _d73941 |
||